Приказки с поука (Запис номер 400787)
[ съкратено ]
| 000 -Лидер | |
|---|---|
| Лидер | 01031nam a2200289 a 4500 |
| 003 - Код на организацията, давaща контролен номер | |
| Код на организацията, даваща контролен номер | BLK |
| 005 - Дата и час на последна редакция | |
| Дата и час на последна редакция | 20250611175451.0 |
| 008 - Елементи от данни с фиксирана дължина | |
| Елементи с фиксирана дължина | 180409b bul|||||r ||||||| ||bul|| |
| 020 ## - Международен стандартен номер на книга ISBN | |
| ISBN | 978-954-685-865-8 |
| Коментар към ISBN | 9789546858658 |
| 040 ## - Източник на каталожния запис | |
| Код на библиотеката | BLK |
| 041 ## - Код за език | |
| Език | Български |
| Език за КДБФ | Български |
| 080 ## - УДК | |
| УДК текст | Българска литература |
| УДК код | 821.163.2 |
| УДК – определител | -93-34 |
| УДК – код + определител | 821.163.2-93-34 |
| 084 ## - Класификационен индекс по друга класификация | |
| Авторски знак | При - П 87 |
| 245 10 - Сведения за заглавието | |
| Заглавие | Приказки с поука |
| Авторска отговорност | подб. и лит. обраб. Албена Статева. |
| 257 ## - Страна на издаване | |
| Страна на създаване/издаване | България |
| 260 ## - Област на издателските данни | |
| Място на издаване | София |
| Име на издателя | СофтПрес |
| Година на издаване | 2011 |
| Печатница | Фоли Арт |
| 300 ## - Физическа характеристика | |
| Брой страници | 109 с. |
| Илюстрации | с ил. |
| Размер | 24 см |
| 380 ## - Жанр | |
| Жанр | Детска худож. лит. |
| 653 ## - Ключова дума – ненормативна | |
| Ключови думи | приказки |
| 653 ## - Ключова дума – ненормативна | |
| Ключови думи | литература за деца |
| 653 ## - Ключова дума – ненормативна | |
| Ключови думи | детска литература |
| 700 1# - Други автори (авторска отговорност) | |
| Друг автор | Статева, Албена |
| Авт. отговорност на др. автор | подб. и лит. обраб. |
| 9 (RLIN) | 373096 |
| 852 ## - Местоположение | |
| Отдел | Детски отдел |
| Систематично-азбучна сигнатура | 821.163.2-93/П 87 |
| 942 ## - АРТИКУЛИ | |
| Вид на библиотечния документ | Книги |
| Скрит в OPAC | Не |
| Koha issues (borrowed), all copies | 10 |
| Периодичен библиозапис | Да |
| 944 ## - СЪЗДАВАНЕ И РЕДАКЦИЯ на ЗАПИСА | |
| Създаване/Редакция | Създаване |
| Дата на регистрацията/редакция | 2021-03-12 |
| Номер на служител | Бояна Костадинова |
| Служител, извършил регистрацията/редакцията | 30551 |
| 999 ## - СИСТЕМНИ КОНТРОЛНИ НОМЕРА | |
| Koha biblionumber | 400787 |
| Koha biblioitemnumber | 400787 |
| Код за отписване | Код за изгубен артикул | Източник на класификационната схема | Код за повреда | Коз за рестрикции | Код за отдаване | Артикулен № | Име на библиотеката - собственик | Име на библиотеката, в която се намира в момента | Статус (Текущо местоположение) | Дата на вписване в системата | Местоположение - отдел | Цена в лева | Систематично азбучна сигнатура | Баркод | Цена в евро | Служебен тип на артикула | Инвентарен номер |
|---|---|---|---|---|---|---|---|---|---|---|---|---|---|---|---|---|---|
| Не е изгубен | Universal Decimal Classification | Не е повреден | без рестрикции | заемане за дома | 816226 | Регионална библиотека "Любен Каравелов" Русе | Регионална библиотека "Любен Каравелов" Русе | Детски отдел | 2021-03-15 | Детски отдел | 5.00 | 821.163.2-93/П 87 | 120000853455 | 2.56 | Книги | ||
| Не е изгубен | Universal Decimal Classification | Не е повреден | без рестрикции | заемане за дома | 816630 | Регионална библиотека "Любен Каравелов" Русе | Регионална библиотека "Любен Каравелов" Русе | Детски отдел | 2021-03-17 | Детски отдел | 5.00 | 821.163.2-93/П 87 | 120000853665 | 2.56 | Книги | ||
| Не е изгубен | Universal Decimal Classification | Не е повреден | само за читалня | ползва се в читалня | 837903 | Регионална библиотека "Любен Каравелов" Русе | Регионална библиотека "Любен Каравелов" Русе | Хранилище | 2021-06-18 | Основен фонд - ползва се само за читалня | 5.00 | Цб 308017 | 120000856836 | 2.56 | Книги | ||
| Не е изгубен | Universal Decimal Classification | Не е повреден | заемане за дома | 957708 | Регионална библиотека "Любен Каравелов" Русе | Регионална библиотека "Любен Каравелов" Русе | Детски отдел | 2025-01-08 | Детски отдел | 5.00 | 821.163.2-93/П 87 | 120000916478 | 2.56 | Книги | 120000916478 |